000 00625nam a2200193Ia 4500
005 20250508154915.0
008 008 250505s9999 xx 000 0 eng d
037 _aTextual
040 _aFEDL
_beng
_cFEDL
041 _aeng
_2eng
084 _a379.111, UNE
_qFEDL
100 _aAnderson C A
245 0 _aSocial context of educational planning
245 0 _cUnesco: International Institute for Educational Planning (Paris France)
260 _aParis, France
_bUNESCO: International Institute for Education Planning
_c1967
300 _a35p
942 _cTEXL
_h379.111, UNE
999 _c1352746
_d1352746